000 00699nam a2200253Ia 4500
003 OSt
005 20220926012910.0
006 a|||||r|||| 00| 0
007 ta
008 220923b |||||||| |||| 00| 0 eng d
037 _cGeneral Book
040 _aRTL
_cRTL
_beng
041 _2eng
_aeng
082 _aXv1, L5
100 _aOser Jacob
_9124212
245 0 _aEvolution of economic thought
250 _aEd.3
260 _aNew York
_bHarcourt Brace
_c1975
300 _axiii;512p
_ccm.
500 _aBibliography chapterwise
700 _a Blanchfield William C
_9124213
942 _hXv1, L5
_cGB
_2CC
999 _c624661
_d624661